000 00568nam a2200193Ia 4500
001 55318
008 080101n ii |||gr||||Z||||||465
020 _a9788178985015
082 _a492.7
245 0 _aSpoken Arabic Made easy :
_ba unique courese in spoken arabic for beginners /
_cAmanulla Vadakkangara .
_hTextual Documents
250 _aFirst-2006.
260 _aNew Delhi:
_bGoodword books.
300 _a159pg:
_c23cm.
653 _aArabic & Persian
653 _aMS-Arabic
653 _aSpoken -Arabic
700 _aVadakkangara,Amanulla.
942 _2ddc
_cBK
999 _c55251
_d55251